Obchodovanie s akciami cez internet nie je vždy výhodnejšie ako cez telefón

Enregistré dans:
Détails bibliographiques
Auteur principal: Kmeťko, Miroslav, 1969-
Format: Chapitre de livre
Langue:slovaque
Tags: Ajouter un tag
Pas de tags, Soyez le premier à ajouter un tag!

MARC

LEADER 00000naa a2200000 4500
001 0150841
005 20240502072716.3
041 0 |a slo 
044 |a SK 
245 1 0 |a Obchodovanie s akciami cez internet nie je vždy výhodnejšie ako cez telefón  |c Miroslav Kmeťko 
100 1 |a Kmeťko, Miroslav, 1969-